Jack y los frijoles mágicos

Պահպանված է:
Մատենագիտական մանրամասներ
Ձևաչափ: Գիրք
Լեզու:իսպաներեն
Հրապարակվել է: Santiago Origo 2017
Հրատարակություն:1a. ed
Շարք:Viva Leer
Խորագրեր:
Ցուցիչներ: Ավելացրեք ցուցիչ
Չկան պիտակներ, Եղեք առաջինը, ով նշում է այս գրառումը!

MARC

LEADER 00000cam a2200000 a 4500
001 UCC2170
003 CL-VaPUC
008 180114e20170000cl |||||||||||||||||spa|d
020 |a 9789563163612 
082 0 4 |a 808.068  |b JAC  |2 21 
245 1 0 |a Jack y los frijoles mágicos 
250 |a 1a. ed 
300 |a 10 p 
942 |c BK 
945 |d 20180114 20:51:00  |a dcastane 
260 |a Santiago  |b Origo  |c 2017 
650 0 |a Cuentos infantiles  |9 308044 
650 0 |a Literatura infantil   |9 307465 
583 |a last modification  |c 20180114 20:51:00  |k Rodrigo Vera 
490 0 |a Viva Leer 
999 |c 370423  |d 370421 
952 |0 0  |1 0  |3 erd  |4 0  |6 808_068000000000000_JAC_2017  |7 0  |8 C  |9 486890  |a BIBCUR  |b BIBCUR  |i 5446651  |l 2  |m 1  |o 808.068 JAC 2017  |p 5446651  |r 2025-04-22  |s 2022-05-30  |w 2019-11-24  |y BK  |z Catalogado en:20180114  |k INF